00326nam a22001097a 4500008004100000020001500041082001600056100001700072245006600089260005200155300000900207230608b xxu||||| |||| 00| 0 eng d a9966031143 a347.09bMUI cGithu Muigai aArbitration law and practice in Kenya cGithu Muigai, editor. aNairobi, KenyabLaw africa publishing ltdc2011 a209p